1997 1079 1427 1827 1339 1397 1545 1156 1929 1587 1710 1329 1368 1845 1397 1210 1263 1251 1311 1089 1782 1509 1820 1389 1439 1269 1719 1090 1280 1872 1269 1070 1371 1223 1400 1333 1798 1508 1507 1365 1873 1096 1233 1679 1120 1191 1631 1922 1585 1686 1456 1166 1861 1872 1572 1314 1872 1035 1596 1619 1264 1105 1073 1898 1172 1643 1602 1883 1484 1830 1992 1499 1554 1969 1249 1868 1399 1408 1000 1130 1889 1801 1583 1953 1439 1122 1927 1294 1156 1632 1852 1919 1472 1724 1633 1645 1628 1011 1130 BCNSPRNW ULIB Ver.6.0+V

เปลี่ยนเป็นภาษาไทย

Change to English
 แสดงรายละเอียดบรรณานุกรม
  กลับหน้าหลัก

Brief Record : Get Marc (ISO 2709) : E-mail record : QR code < ปิดหน้าต่าง
LEADER : 00000nam 2200000uu 4500
001    13399113543
003     ULIB
008    111125s2550||||th 000 0 tha d
020    ^a9789740582632
090    ^aนว.^bฌ111ร 2550
100 0  ^aฌามิวอาห์
245 00 ^aรักเดียวที่กลางใจ/^cฌามิวอาห์
250    ^aพิมพ์ครั้งที่ 2
260    ^aกรุงเทพฯ :^bแจ่มใส,^c2550
300    ^a327 หน้า
710 1  ^aแจ่มใส
945    ^p199^l0^i15301
995    ^aกัณชพร
999    ^aใช้งานได้ทุกระบบ
รายการนี้ยังไม่มีแท็ก
คุณยังไม่ได้ล็อกอิน คุณสามารถมีกิจกรรมร่วมกับเว็บไซต์ได้ แต่ต้องล็อกอินก่อน ::
  ล็อกอิน

รายการสื่อสารสนเทศ

ลำดับที่ ประเภท เลขเรียก/บาร์โค้ด สถานที่ สถานะ
1. นวนิยาย
นวนิยาย
นว. ฌ111ร 2550  
  Barcode: 15301
ห้องสมุดวิทยาเขตสวรรค์ประชารักษ์
►นวนิยาย
บนชั้น
  ขอยืม

รายการใกล้เคียง
    ผู้แต่ง [ฌามิวอาห์]

BibComment


ยังไม่เคยถูกคอมเมนท์

คอมเมนท์ทรัพยากรรายการนี้
  คอมเมนท์: รักเดียวที่กลางใ..


 Copyright 2026. Bcnsprnw @Library